Texas Football Opponents Since 2000 - Statistics

General Stats
  • This quiz has been taken 219 times
  • The average score is 37 of 52
Answer Stats
Times Played Answer % Correct
25 Oklahoma
99%
12 Texas AM
95%
24 Texas Tech
95%
3 Alabama
94%
24 Oklahoma St
94%
18 Kansas
92%
18 Kansas St
91%
24 Baylor
90%
13 Texas Christian
89%
1 Michigan
87%
1 Iowa
86%
18 Iowa St
85%
2 LSU
85%
3 Ohio St
85%
3 Southern California
85%
7 Arkansas
83%
9 Colorado
81%
4 Houston
80%
3 Washington
80%
1 Georgia
78%
8 Missouri
78%
6 Nebraska
78%
3 UCLA
78%
2 Oregon
77%
12 Rice
77%
1 Utah
76%
4 BYU
72%
4 UTEP
72%
1 UTSA
72%
11 West Virginia
71%
1 Arizona St
70%
2 Mississippi
70%
3 California
68%
1 Oregon St
67%
1 Washington St
64%
2 Notre Dame
63%
3 Louisiana Lafayette
62%
1 Stanford
61%
2 North Carolina
60%
4 North Texas
59%
1 New Mexico
55%
1 Tulsa
54%
2 Louisiana Monroe
53%
2 Central Florida
52%
3 New Mexico St
51%
2 Tulane
51%
4 Wyoming
51%
2 Maryland
46%
1 Louisiana Tech
40%
1 San Jose St
35%
2 Florida Atlantic
32%
1 Sam Houston St
29%
No matching quizzes found
Score Distribution
Percent of People with Each Score
Percentile by Number Answered
Your Score History
You have not taken this quiz